Statistics for D.I.C.E. Awards Game of the Year Winners

Click here to take the quiz!

General Stats

  • This quiz has been taken 4 times
  • The average score is 18 of 27

Answer Stats

YearDeveloper(s)GameGenre% Correct
2003DICEBattlefield 1942First-person shooter
75%
2004Infinity WardCall of DutyFirst-person shooter
75%
2008Infinity WardCall of Duty 4: Modern WarfareFirst-person shooter
75%
2023FromSoftwareElden RingAction role-playing
75%
2006Santa Monica StudiosGod of WarAction-adventure, hack and slash
75%
2019Santa Monica StudiosGod of WarAction-adventure, hack and slash
75%
2005ValveHalf-Life 2First-person shooter
75%
2002BungieHalo: Combat EvolvedFirst-person shooter
75%
2022Hazelight StudiosIt Takes TwoAction-adventure, platform
75%
2013thatgamecompanyJourneyAdventure, art game
75%
2017Blizzard EntertainmentOverwatchFirst-person shooter
75%
2012Bethesda Game StudiosThe Elder Scrolls V: SkyrimAction role-playing
75%
2014Naughty DogThe Last of UsAction-adventure
75%
2018NintendoThe Legend of Zelda: Breath of the WildAction-adventure
75%
1999NintendoThe Legend of Zelda: Ocarina of TimeAction-adventure
75%
2000MaxisThe SimsLife simulation, social simulation
75%
2010Naughty DogUncharted 2: Among ThievesAction-adventure, third-person shooter
75%
2020House HouseUntitled Goose GamePuzzle, stealth, role-playing
75%
2024Larian StudiosBaldur's Gate 3Role-playing
50%
2001Blizzard NorthDiablo IIAction role-playing, hack and slash
50%
2015BioWareDragon Age: InquisitionAction role-playing
50%
2016Bethesda Game StudiosFallout 4Action role-playing
50%
2007Epic GamesGears of WarThird-person shooter
50%
1998RareGoldenEye 007First-person shooter
50%
2011BioWareMass Effect 2Action role-playing, third-person shooter
50%
2021Supergiant GamesHadesRoguelike, action role-playing
25%
2009Media MoleculeLittleBigPlanetPlatform, sandbox
25%

Score Distribution

Percentile by Number Answered

Percent of People with Each Score

Your Score History

You have not taken this quiz